000 00205 a2200109 4500
020 _a9780316817257
041 _aeng
100 _aStokes, Donald
245 _aBird Behavior
942 _cBK
952 _71
999 _c18273
_d18273